Statistics for Categorize the Jargon - Click Quiz

Click here to take the quiz!

General Stats

  • This quiz has been taken 73 times
  • The average score is 8 of 16

Answer Stats

HintAnswer% Correct
CardamomSpices
87%
GanacheDesserts
79%
PhiltrumAnatomy
64%
AsymptoteMathematics
62%
PuceColours
58%
BespokeFashion
57%
DiptychArt
49%
MulliganGolf
49%
SoffitArchitecture
45%
PeenMetalwork
42%
DownriggerFishing
40%
ZugzwangChess
38%
MonocoqueAviation
26%
ArquebusFirearms
26%
BarmBartending
19%
EephusBaseball
15%

Score Distribution

Percentile by Number Answered

Percent of People with Each Score

Your Score History

You have not taken this quiz